Principles of district administration in India (Record no. 1356254)

MARC details
000 -LEADER
fixed length control field 00543nam a2200181Ia 4500
005 - DATE AND TIME OF LATEST TRANSACTION
control field 20250508155342.0
008 - FIXED-LENGTH DATA ELEMENTS--GENERAL INFORMATION
fixed length control field 008 250505s9999 xx 000 0 eng d
037 ## - SOURCE OF ACQUISITION
Stock number Textual
040 ## - CATALOGING SOURCE
Original cataloging agency FEDL
Language of cataloging eng
Transcribing agency FEDL
041 ## - LANGUAGE CODE
Language code of text/sound track or separate title eng
Source of code eng
084 ## - COLON CLASSIFICATION NUMBER
Classification number 352.954, SAS
Assigning agency FEDL
100 ## - MAIN ENTRY--PERSONAL NAME
Personal name K. N. V. Sastri
9 (RLIN) 766894
245 #0 - TITLE STATEMENT
Title Principles of district administration in India
260 ## - PUBLICATION, DISTRIBUTION, ETC.
Place of publication, distribution, etc. Delhi, India
Name of publisher, distributor, etc. Metropolitan Book Company Private Limited
Date of publication, distribution, etc. 1957
300 ## - PHYSICAL DESCRIPTION
Extent 102p
942 ## - ADDED ENTRY ELEMENTS (KOHA)
Koha item type Textual
Classification part 352.954, SAS
Holdings
Withdrawn status Lost status Damaged status Not for loan Home library Current library Date acquired Total Checkouts Full call number Barcode Date last seen Price effective from Koha item type
        Department of Education Library Department of Education Library 2025-05-08   352.954, SAS EL0041295 2025-05-08 2025-05-08 Textual
Copyright @ Delhi University Library System